书目信息 |
| 题名: |
毛泽东文艺思想研究
|
|
| 作者: | ;全国毛泽东文艺思想研究会 编 | |
| 分册: | 2 | |
| 出版信息: | 长沙 湖南人民出版社 1983.6 |
|
| 页数: | 366页 | |
| 开本: | 21cm | |
| 丛书名: | ||
| 单 册: | ||
| 中图分类: | A841.691 | |
| 科图分类: | ||
| 主题词: | 毛泽东著作研究--专题汇编--文艺 | |
| 电子资源: | ||
| ISBN: | ||
| 000 | 00717nam0 2200229 45 | |
| 001 | 0182006192 | |
| 005 | 20070729114410.82 | |
| 010 | @dCNY1.40 | |
| 091 | @a10109.1572 | |
| 100 | @a19950407d1983 emky0chiy0121 ea | |
| 101 | 0 | @achi |
| 102 | @aCN@b430000 | |
| 105 | @ay z 000yy | |
| 200 | 10 | @a毛泽东文艺思想研究@Amao ze dong wen yi si xiang yan jiu@h2@f全国毛泽东文艺思想研究会编@FQuan Guo Mao Ze Dong Wen Yi Si Xiang Yan Jiu Hui Bian |
| 210 | @a长沙@c湖南人民出版社@d1983.6 | |
| 215 | @a366页@d21cm | |
| 606 | @a毛泽东著作研究@x专题汇编@x文艺 | |
| 690 | @aA841.691@v3 | |
| 711 | 02 | @a全国毛泽东文艺思想研究会@4编 |
| 801 | 0 | @aCN@b上海图书馆@c20070729 |
| 801 | 2 | @aCN@bNLC@c20060721 |
| 905 | @dA841.691@e17:2 | |
| 毛泽东文艺思想研究.2/全国毛泽东文艺思想研究会编.-长沙:湖南人民出版社,1983.6 |
| 366页;21cm |
| ISBN :CNY1.40 |
| ● |
| 相关链接 |
|
|
|
|
正题名:毛泽东文艺思想研究
索取号:A841.691/17:2
 
预约/预借
| 序号 | 登录号 | 条形码 | 馆藏地/架位号 | 状态 | 备注 |
| 1 | 0151356 | 001651251 | 第一借阅区/ [索取号:A841.691/17:2] | 在馆 | |
| 2 | 0151357 | 001390471 | 第一借阅区/ [索取号:A841.691/17:2] | 在馆 | |
| 3 | 0151358 | 002047403 | 第一样本阅览室/ [索取号:A841.691/17:2] | 在馆 | |
| 4 | 0427242 | 204272429 | 密集书库/ [索取号:A841.691/17:2] | 在馆 | |
| 5 | 0785782 | 207857826 | 密集书库/ [索取号:A841.691/17:2] | 在馆 |